000 00352nam a2200145 i 4500
001 bg
245 0 _aAdvances in materials research.
_nVol. 2,
_pMicroplasticity /
260 _aNew York,
_c1968.
700 1 _aMacMahon, Ch.
040 _cBPK
041 _apol
080 _a539.3/.6:620.1
942 _cKS
008 s pl f |000 0 pol
999 _c12481
_d12481
856 _uhttp://koha.tu.koszalin.pl/cgi-bin/koha/opac-detail.pl?biblionumber=12481
_yKatalog online BPK